000 00968naa a22002777a 4500
001 BR8903555
003 BR-BrBNA
005 20250721155355.0
007 ta
008 250630b bl.|||m| |||| 00| 0 por d
040 _aBR-BrBNA
_bpor
_cBiblioteca Nacional de Agricultura
041 _a(Pt)
072 _aF02
_b2430
090 _aF02 BR8903555
100 1 _aCabral, J.B.
111 1 _a1. Encontro Nordestino de Manicoba
_cCarpina, PE (Brazil)
_d18-20 Oct 1988
245 1 _aPropagacao in vitro de plantas superiores
500 _aAnais do 1. Encontro Nordestino de Manicoba Mossoro, RN (Brasil): 1989. p. 71-78 (BR8903555-AMS)
773 0 _tAnais do 1. Encontro Nordestino de Manicoba
_wF02 BR8903555
_gMossoro, RN (Brasil), 1989. p. 71-78
650 _aMANICOBA
650 _aREPRODUCAO VEGETAL
650 _aCULTURA IN VITRO
490 _aColecao Mossoroense. Serie C (Brazil)
_vv. 469
942 _cAMS
_2AGRIS
909 _a202506
_bLúcia
_c55
_dLúcia Elande
999 _c336146
_d336146